000 00855nam a22002657a 4500
005 20180307093241.0
010 _aBAC-CH25
020 _a9780545103725
_c250.00
020 _a9780545103725
_c295.00 (AV)
035 _aB-555623-656
035 _aB-665273
037 _bUBH/Ven
_adpl
082 _aS
100 _aStilton, Geronimo
245 _aThe Peculiar Pumpkin Thief /
_cby Geronimo Stilton
260 _aNew York
_bScholastic
_c2014
270 _a557 Broadway
_bNew York
_e10012
300 _a95p.:
_bcol.ill.
_c19cm(pbk)
700 _aTabasco, Blasco
700 _aCodana, Guy
700 _aBrusco, Federatto
942 _2ddc
_cCH
_hS
_mSTI
999 _c85344
_d85344